| 000 | 00617nam a2200205Ia 4500 | ||
|---|---|---|---|
| 005 | 20250923145403.0 | ||
| 008 | 008 250917s9999 xx 000 0 eng d | ||
| 037 | _aTextual | ||
| 040 |
_aDSWL _beng _cDSWL |
||
| 041 |
_aeng _2eng |
||
| 084 |
_aW,61.2N67, N67 _qDSWL |
||
| 100 |
_aTinker, Hugh _9834760 |
||
| 245 | 0 |
_aFoundations of local self government in India Pakistan and Barma _c by Hugh Tinker |
|
| 260 |
_aBombay _bLalvani Pub. House _c1967 |
||
| 300 | _axxiv,376 p. | ||
| 365 |
_aINR _b20 . 0 |
||
| 925 | _g20 . 0 | ||
| 942 |
_cTEXL _hW,61.2N67, N67 |
||
| 999 |
_c1450750 _d1450750 |
||